000 00648nam a22001937a 4500
003 OSt
005 20140310183056.0
008 130228t xxu||||| |||| 00| 0 eng d
050 _aPN 5427
_b.J32 1988
082 _aF808.066
_b.B27 12988
245 _aThe agenda-setting function of selected Philippine newspapers in a rural setting /
_cJamias, Serlie B. and Gomez, Ely D.
260 _aLaguna :
_bInstitute of Development Communication, University of the Philippines at Los Banos,
_c1988.
300 _avi, 80 p.
_c21cm
521 _aCollege students
526 _c1210L-1700L
541 _j1
562 _e1
942 _2lcc
_cBK
_kFIL
999 _c18680
_d18680